000 00601cam a22002291 4500
001 sa 66005981
003 DLC
005 20260227112253.0
008 781117s1948 xx 000 0 eng
010 _asa 66005981
035 _a(OCoLC)4383614
040 _aDLC
_cOCl
_dDLC
042 _apremarc
050 0 0 _aDS485.P2
_bA68
100 1 _aAkbar, M. J.
245 1 4 _aThe Punjab under the Mughals.
260 _aLahore,
_bRipon Print. Press
_c[1948]
300 _axvi, 325 p.
_c22 cm.
504 _aBibliography: p. [312]-314.
651 0 _aPunjab
_xHistory.
651 0 _aMogul Empire
_xHistory.
999 _c70235
_d70235